Score 0/13 Timer 04:00
0 Plays Today
Description Character % Correct
The protagonist, a Chaplain's Assistant in the Army who time-travels at randomBilly Pilgrim
95.6%
The prolific, failed science-fiction author who appears in many Vonnegut novelsKilgore Trout
57.5%
A model and pornographic actress, the aliens kidnap her, and she bears the protagonist's childMontana Wildhack
45%
The alien race that kidnaps the protagonist, they will accidentally destroy the universe in the futureTralfamadorians
39.9%
A POW who saves the protagonist's life in a quest for glory, then blames the protagonist for his deathRoland Weary
35.7%
A middle-aged soldier and high school teacher whom the Germans execute for stealing a teapotEdgar Derby
34.6%
Another POW (and a car thief), he vows to avenge the above character's death by killing the protagonistPaul Lazzaro
33.1%
The protagonist's overweight wife who dies of carbon monoxide poisoningValencia Merble
30.9%
Another recurring Vonnegut character, he's a veteran who introduces the protagonist to the author's worksEliot Rosewater
30.1%
An insane, delirious Army officer from Cody, Wyoming, who dies of a feverWild Bob
28.4%
An actual wartime friend of Vonnegut, who visits him while trying to collect memoriesBernard V. O'Hare
27.2%
An American-born playwright and Nazi propagandist, he was the protagonist of Vonnegut's 'Mother Night'Howard W. Campbell, Jr.
26.3%
A Harvard history professor and Air Force veteran who shares a hospital room with the protagonistBertram Copeland Rumfoord
18.5%
Remove Ads.
Support Sporcle.
Get the best of Sporcle when you Go Orange. This ad-free experience offers more features, more stats, and more fun while also helping to support Sporcle. Thank you for becoming a member.

You're not logged in!

Compare scores with friends on all Sporcle quizzes.
OR
Log In

Show Comments

Extras

Top Quizzes Today


Score Distribution

Your Account Isn't Verified!

In order to create a playlist on Sporcle, you need to verify the email address you used during registration. Go to your Sporcle Settings to finish the process.

Report this User

Report this user for behavior that violates our Community Guidelines.

Details: